Organization : A guide to problems and practice

保存先:
書誌詳細
第一著者: Child, John
フォーマット: 図書
言語:Undetermined
出版事項: London Harper and Row Publishers 1977
主題:
タグ: タグ追加
タグなし, このレコードへの初めてのタグを付けませんか!
Thư viện lưu trữ: Trung tâm Học liệu Trường Đại học Cần Thơ
LEADER 00510nam a2200193Ia 4500
001 CTU_86174
008 210402s9999 xx 000 0 und d
082 |a 658.4 
082 |b C536 
100 |a Child, John 
245 0 |a Organization : 
245 2 |b A guide to problems and practice 
245 0 |c John Child 
260 |a London 
260 |b Harper and Row Publishers 
260 |c 1977 
650 |a Organizational behavior 
904 |i Năm 
980 |a Trung tâm Học liệu Trường Đại học Cần Thơ